আধুনিক লোক প্রশাসন : (Record no. 47229)
[ view plain ]
| 000 -LEADER | |
|---|---|
| fixed length control field | 00927nam a2200229 a 4500 |
| 001 - CONTROL NUMBER | |
| control field | 47229 |
| 003 - CONTROL NUMBER IDENTIFIER | |
| rucl marc code | BD-RjUL |
| 005 - DATE AND TIME OF LATEST TRANSACTION | |
| control field | 20211209054259.0 |
| 008 - FIXED-LENGTH DATA ELEMENTS--GENERAL INFORMATION | |
| fixed length control field | 160807r20011990bg ||||| |||| 00| 0 ben d |
| 035 ## - SYSTEM CONTROL NUMBER | |
| System control number | (BD-RjUL)47348 |
| 040 ## - CATALOGING SOURCE | |
| Original cataloging agency | BD-RjUL |
| Language of cataloging | ben |
| Transcribing agency | BD-RjUL |
| 041 ## - LANGUAGE CODE | |
| Language code of text/sound track or separate title | ben |
| 082 ## - DEWEY DECIMAL CLASSIFICATION NUMBER | |
| Edition number | 23 |
| Classification number | 351 |
| Author mark and year | RAA 2001 |
| 100 1# - MAIN ENTRY--PERSONAL NAME | |
| Personal name | রহমান, মোহাম্মদ শামসুর |
| 9 (RLIN) | 117248 |
| 245 10 - TITLE STATEMENT | |
| Title | আধুনিক লোক প্রশাসন : |
| Remainder of title | তাত্ত্বিক ও ব্যবহারিক / |
| Statement of responsibility, etc. | মোহাম্মদ শামসুর রহমান, |
| 250 ## - EDITION STATEMENT | |
| Edition statement | ২য় সং |
| 260 ## - PUBLICATION, DISTRIBUTION, ETC. (IMPRINT) | |
| Place of publication, distribution, etc. | ঢাকা : |
| Name of publisher, distributor, etc. | বাংলা একাডেমী, |
| Date of publication, distribution, etc. | ১৯৯০[পুনমুদ্রন ২০০১] |
| 300 ## - PHYSICAL DESCRIPTION | |
| Pagination | ৭১৪ পৃ. ; |
| Size | ২১ সেমি. |
| 650 ## - SUBJECT ADDED ENTRY--TOPICAL TERM | |
| Topical term or geographic name as entry element | লোকপ্রশাসন |
| 9 (RLIN) | 143790 |
| Topical term or geographic name as entry element | Public administration |
| 9 (RLIN) | 143791 |
| 942 ## - ADDED ENTRY ELEMENTS (KOHA) | |
| Source of classification or shelving scheme | Dewey Decimal Classification |
| Koha item type | Books |
| Lost status | Source of classification or shelving scheme | Damaged status | Not for loan | Collection code | Permanent Location | Current Location | Shelving location | Date acquired | Source of acquisition | Cost, normal purchase price | Total Checkouts | Full call number | Date last seen | Copy number | Koha item type | Date checked out |
|---|---|---|---|---|---|---|---|---|---|---|---|---|---|---|---|---|
| Dewey Decimal Classification | Non-fiction | Central Library, University of Rajshahi | Central Library, University of Rajshahi | 12/03/1991 | Bangla Academy, Dhaka | 175.00 | B 351 RAA 1990 | 07/08/2016 | C-2 | Books | ||||||
| Dewey Decimal Classification | Non-fiction | Central Library, University of Rajshahi | Central Library, University of Rajshahi | 17/09/1991 | Shamsur Rahman | 175.00 | B 351 RAA 1993 | 07/08/2016 | C-3 | Books | ||||||
| Dewey Decimal Classification | Non-fiction | Central Library, University of Rajshahi | Central Library, University of Rajshahi | 17/09/1991 | Shamsur Rahman | 175.00 | 1 | B 351 RAA 1993 | 31/10/2016 | C-4 | Books | 05/10/2016 | ||||
| Dewey Decimal Classification | Non-fiction | Central Library, University of Rajshahi | Central Library, University of Rajshahi | 17/09/1991 | Shamsur Rahman | 175.00 | B 351 RAA 1993 | 10/08/2016 | C-5 | Books | ||||||
| Dewey Decimal Classification | Non-fiction | Central Library, University of Rajshahi | Central Library, University of Rajshahi | 29/12/2002 | Public Administration dept.RU | B 351 RAA 2001 | 06/11/2016 | C-6 | Books |